Statistics for French Facts

Click here to take the quiz!

General Stats

  • This quiz has been taken 34,540 times
  • The average score is 12 of 20

Answer Stats

Hint Answer % Correct
Biggest cityParis
99%
Most famous landmarkEiffel Tower
92%
Most famous art musuemMusée du Louvre
90%
Famous bike raceTour de France
85%
Early 19th century conquerorNapoleon
74%
And the palace he lived inVersailles
71%
Stereotypical French hatBeret
69%
July 14th holiday{Bastille} Day
69%
Most famous street{Champs}-Élysées
67%
Longest-reigning KingLouis XIV
64%
Liberty, Equality, …Fraternity
59%
Early Roman name for FranceGaul
58%
Tallest mountainMont Blanc
53%
Great 8th century kingCharlemagne
47%
Symbol on the French royal coat of armsFleur-de-lis
46%
National anthemLa Marseillaise
41%
Longest riverLoire
38%
Most well-known newspaperLe Monde
37%
Dynasty he was part of ^Bourbon
29%
Woman who “personifies” FranceMarianne
18%

Score Distribution

Percentile by Number Answered

Percent of People with Each Score

Your Score History

You have not taken this quiz